000 00373nam a2200157Ia 4500
008 221030s9999 xx 000 0 und d
020 _a007463349X
041 _aEnglish
082 _a105.23
_bKum
100 _aRam Kumar
245 0 _aProgramming With Fortran 77
_cby Ram Kumar
260 _bTMH
_aNew Delhi
_c1998
300 _a386
650 _aBE Computer
942 _cBK
999 _c7233
_d7233